Design of concrete structures (Record no. 3622)

000 -LEADER
fixed length control field 00547nam a22002057a 4500
001 - CONTROL NUMBER
control field 3622
003 - CONTROL NUMBER IDENTIFIER
control field BD-DhUET
008 - FIXED-LENGTH DATA ELEMENTS--GENERAL INFORMATION
fixed length control field 141102b xxu||||| |||| 00| 0 eng d
040 ## - CATALOGING SOURCE
Transcribing agency 0
Modifying agency BD-DhUET
082 ## - DEWEY DECIMAL CLASSIFICATION NUMBER
Classification number 624.183
Item number WIN/1972
100 ## - MAIN ENTRY--PERSONAL NAME
Personal name Winter, George
245 ## - TITLE STATEMENT
Title Design of concrete structures
Statement of responsibility, etc. by George Winter and Arthur H. Nilson
250 ## - EDITION STATEMENT
Edition statement 8th ed.
260 ## - PUBLICATION, DISTRIBUTION, ETC. (IMPRINT)
Place of publication, distribution, etc. New York
Name of publisher, distributor, etc. McGraw-Hill
Date of publication, distribution, etc. 1972
300 ## - PHYSICAL DESCRIPTION
Extent xii,615p.
504 ## - BIBLIOGRAPHY, ETC. NOTE
Bibliography, etc Includes bibliographies
650 #0 - SUBJECT ADDED ENTRY--TOPICAL TERM
Topical term or geographic name as entry element Reinforced concrete
700 ## - ADDED ENTRY--PERSONAL NAME
Personal name Nilson, Arthur H.
942 ## - ADDED ENTRY ELEMENTS (KOHA)
Koha item type General Book
Holdings
Not for loan Price effective from Koha date last seen Shelving location Damaged status Sublocation or collection (holding branch) Date acquired Withdrawn status Koha issues (times borrowed) Lost status Copy number Location (home branch) Source of classification or shelving scheme Koha date last borrowed Piece designation (barcode) Koha full call number Koha normalized classification for sorting Koha item type
 2014-11-022025-06-18Circulation section Central Library, BUET2014-11-02 2 1Central Library, BUET 2025-05-2639870624.183/WIN/1972624_183000000000000_WIN_1972General Book
 2014-11-022025-05-28Circulation section Central Library, BUET2014-11-02 1 2Central Library, BUET 2025-05-2644253624.183/WIN/1972624_000000000000000_183WIN1972General Book
 2014-11-182014-11-18Circulation section Central Library, BUET2014-11-18   3Central Library, BUET  39869624.183/WIN/1972624_000000000000000_183WIN1972General Book
 2014-11-182014-11-18Circulation section Central Library, BUET2014-11-18   4Central Library, BUET  39871624.183/WIN/1972624_000000000000000_183WIN1972General Book
 2015-02-222025-06-28Circulation section Central Library, BUET2015-02-22 2 5Central Library, BUET 2025-05-2742844624.183/WIN/1972624_183000000000000_WIN_1972General Book
 2015-02-222015-02-22Circulation section Central Library, BUET2015-02-22   6Central Library, BUET  54930624.183/WIN/1972624_183000000000000_WIN_1972General Book
 2015-05-072025-05-27Circulation section Central Library, BUET2015-05-07 1 7Central Library, BUET 2025-05-2645112624.183/WIN/1972624_183000000000000_WIN_1972General Book